000 00322 a2200109 4500
001 ART_35092
005 20260410161821.0
008 260409a
245 1 0 _aUn rumbo y diez caminos
100 1 _aVanella, Carolina A.
773 0 _tDoctrina Penal Tributaria y Económica
_g- Nº 38 (nov. 2015)
_wREV4317
999 _c22356
_d22356